00926cam a2200277 a 450000100090000000300080000900500170001700800410003402000180007504000130009304100120010604200080011808200200012610000460014624000170019224501110020924600310032025000130035126000320036430000430039650400680043965000420050770000320054970000340058170000330061517095534IN-DiNC20210405140429.0111209s2011 enkac b 001 d eng  a9781408152010 aDLCcDLC aEnglish apcc04a822.33222bTHE1 aShakespeare, William,d1564-1616.eAuthor10aWorks.f201114aThe Arden Shakespeare: complete works /cedited by Richard Proudfoot, Ann Thompson and David Scott Kastan.30aShakespeare complete works aRev. ed. aLondon :bBloomsbury,c2016 avii, 1373 p. :bill., ports. ;c26 cm. aIncludes bibliographical references (p. 1339-1343) and indexes. 2Complete works of William Shakespeare1 aProudfoot, Richard.eEditor1 aThompson, Ann,d1947-eEditor1 aKastan, David Scott.eEditor